00576 2200205 4500001002100000008004100021035002000062245007100082100001900153260005100172300003100223020001800254084001600272082001000288650002400298990001200322990001200334990001200346990001200358INLIS000000000016021 ind  a0010-0423000038 aArif Berprestasi Sd/Mi Kelas 3cCristiana Umi;Editor; Tim Grasindo aCRISTIANA, Umi aJakartabGramedia Widiasarana Indonesia,c2018 avi,250 hlm.: ilus.c28 cm. a9786020504834 a153.9 CHR a a153.9 aINTELIGENSI MANUSIA a10849 a a10849 b a10849 c a10849 d